[Event "Regionalliga SW 9697"]
[Site "Bayern"]
[Date "1996.??.??"]
[Round "?"]
[White "Schoenbauer, Max"]
[Black "Utpadel, Daniel"]
[Result "1/2-1/2"]
[WhiteElo "2000"]
[BlackElo "1740"]
[PlyCount "83"]
[EventDate "1996.10.??"]
[EventType "team-tourn"]
[EventRounds "9"]
[EventCountry "GER"]
[SourceTitle "EXT 1999"]
[Source "ChessBase"]
[SourceDate "1998.11.16"]
[SourceVersion "1"]
[SourceVersionDate "1998.11.16"]
[SourceQuality "1"]
[WhiteTeam "Muenchen FC Bayern II"]
[BlackTeam "Muenchen 36 II"]
[WhiteTeamCountry "GER"]
[BlackTeamCountry "GER"]

1. d4 d5 2. Nf3 Nf6 3. e3 c6 4. c4 e6 5. Nc3 Nbd7 6. cxd5 exd5 7. Bd3 Bd6 8. 0-0 0-0 9. b3 Re8 10. Qc2 Nf8 11. Bb2 Qe7 12. Bf5 Ng6 13. Bxc8 Raxc8 14. Qf5 Ne4 15. Nxe4 dxe4 16. Nd2 Nh4 17. Qh3 Rcd8 18. Nc4 Bc7 19. Rad1 Qg5 20. Kh1 Re6 21. f4 exf3 22. gxf3 Rh6 23. Ne5 Nf5 24. Qg4 Qh5 25. Qxh5 Rxh5 26. Rfe1 Nxe3 27. Rxe3 Bxe5 28. Re2 Bf6 29. Rde1 g6 30. Re8+ Rxe8 31. Rxe8+ Kg7 32. Rb8 b6 33. Rb7 Rd5 34. Rxa7 c5 35. Ba3 cxd4 36. Ra8 Kh6 37. Bc1+ Kh5 38. Ra7 g5 39. Rxf7 Kg6 40. Rc7 b5 41. Kg2 h6 42. Bd2 1/2-1/2

[Event "Regionalliga SW 9697"]
[Site "Bayern"]
[Date "1996.??.??"]
[Round "?"]
[White "Utpadel, Daniel"]
[Black "Englert, Jan"]
[Result "0-1"]
[WhiteElo "1740"]
[BlackElo "1805"]
[PlyCount "52"]
[EventDate "1996.10.??"]
[EventType "team-tourn"]
[EventRounds "9"]
[EventCountry "GER"]
[SourceTitle "EXT 1999"]
[Source "ChessBase"]
[SourceDate "1998.11.16"]
[SourceVersion "1"]
[SourceVersionDate "1998.11.16"]
[SourceQuality "1"]
[WhiteTeam "Muenchen 36 II"]
[BlackTeam "Garching"]
[WhiteTeamCountry "GER"]
[BlackTeamCountry "GER"]

1. e4 c6 2. d4 d5 3. Nc3 dxe4 4. Nxe4 Bf5 5. Ng3 Bg6 6. Nf3 Nd7 7. h4 h6 8. h5 Bh7 9. Bd3 Bxd3 10. Qxd3 Ngf6 11. Bd2 e6 12. 0-0-0 Be7 13. Kb1 0-0 14. Rhe1 c5 15. Qe2 Qb6 16. Be3 Nd5 17. Ka1 Nxe3 18. Qxe3 cxd4 19. Nxd4 Bf6 20. Ne4 Rfd8 21. g4 Rac8 22. c3 Bxd4 23. Rxd4 Ne5 24. Red1 Rxd4 25. Rxd4 Nxg4 26. Qg3 Qxd4 0-1